Normal view
MARC view
Entry Topical Term
001 - CONTROL NUMBER
- control field: 27377
003 - CONTROL NUMBER IDENTIFIER
- control field: dpl
005 - DATE AND TIME OF LATEST TRANSACTION
- control field: 20110420145612.0
008 - FIXED-LENGTH DATA ELEMENTS
- fixed length control field: 110420|||a|||||| | ||| d
040 ## - CATALOGING SOURCE
- Original cataloging agency: dpl
- Transcribing agency: dpl
150 ## - HEADING--TOPICAL TERM
- Topical term or geographic name as entry element: Hindi Fiction
670 ## - SOURCE DATA FOUND
- Source citation: Work cat.: (dpl)43117: प्रेमचंद 1372, प्रेमचंद की आदर्शवादी कहानियाँ /, 2010
670 ## - SOURCE DATA FOUND
- Source citation: Work cat.: (dpl)43117: प्रेमचंद 1372, प्रेमचंद की आदर्शवादी कहानियाँ /, 2010
